LDR 00861naa#a2200181#i#450# 001 EN\\bibl\19422 005 20260516115531.6 100 ## _a20260515b2026####ek#y0engy0150####ca 102 ## _aRU 200 1# _aPHYSIOLOGICAL MECHANISMS OF CHANGES IN THE ROOT SYSTEMS OF MILITARY SPECIES UNDER THE INFLUENCE OF ORGANOMINERAL COMPLEXES FROM SECONDARY RESOURCES _eConference article/thesis 210 1# _aVoronezh _cFSBE Institution of Higher Education Voronezh State University of Forestry and Technologies named after G.F. Morozov _d2026 215 ## _a7 с. 608 ## _aConference article/thesis _2local 675 ## _aВыращивание растений и уход за ними. Прививка. Посадка, пересадка и т. п.. 635-154 _z 700 #1 _aZhivitchenko _gD. I. 700 #1 _aBryndina _gL. V. 700 #1 _aKorchagina _gAnna Yur'evna 856 4# _abibl.vgltu.ru _u